000 00616nam a2200181 a 4500
001 000040282
005 20201002034030.0
008 130802s2004 mx 000 0 spa d
020 _a9703204732
040 _aDO-SdBNP
_bspa
_cBNPHU
100 1 _aSierra O'Reilly,Justo
_d1904-1974
_966557
245 1 0 _aEl filibustero /
_cJusto Sierra O'Reilly ; introducción Hernán Lara Zavala.
260 _aMéxico :
_bUniversidad Nacional Autónoma de México,
_c2004.
300 _a54 p. ;
_c18 cm.
490 1 _aRelato Licenciado Vidriera
_v6
700 1 _aZavala, Lara
_966558
830 0 _aRelato Licenciado Vidriera
_v6
_966234
999 _c39772
_d39772